000 00585cam a2200217 a 4500
001 3277190
005 20180306082219.0
008 820122s1982 caua b 001 0 eng
010 _a 82001186
020 _a0805322019
040 _aDLC
_cDLC
_dDLC
041 _aeng
080 _a001.64 CAP
082 0 0 _a001.64 CAP
_219
100 1 _a28
101 _aSHK
245 1 0 _aComputers and data processing /
_cH.L. Capron, Brian K. Williams.
504 _aIncludes bibliographical references and index.
906 _a7
_bcbc
_corignew
_d1
_eocip
_f19
_gy-gencatlg
942 _2ddc
_cBK
999 _c44202
_d44202